| 000 | 01175nam a2200217 a 4500 | ||
|---|---|---|---|
| 003 | DO-SdBNP | ||
| 005 | 20260305073951.0 | ||
| 007 | ta | ||
| 008 | 110401s1977 dr ab 000 0 spa d | ||
| 040 |
_aDO-SdBNP _bspa _cBNPHU |
||
| 082 |
_axxxx _bM938h |
||
| 100 | 1 |
_aMoya Pons, Frank, _d1944- _92095 |
|
| 245 | 1 | 0 |
_aHistoria dominicana para niños : _bcuarto curso / _cFrank Moya Pons. |
| 246 | 1 | _aHistoria dominicana (1492-1844) | |
| 260 |
_aSanto Domingo : _bGráficas Manuel Pareja, _c1977. |
||
| 300 |
_a84 p. : _bil., map. ; _c24 cm. |
||
| 505 |
_ta los padres y maestros -- _tLos indios taínos -- _tLos españoles y el descubrimiento de América -- _tLa conquista -- _tEl azúcar, los negros y los esclavos -- _tLa ganadería y el contrabando -- _tLas devastaciones de 1605 y 1606 -- _tCorsarios, bucaneros y filibusteros -- _tLa isla se divide en dos colonias -- _tLa vida colonial dominicana -- _tLa revolución Haitiana -- _tLas primeras invasiones haitianas -- _tLa reconquista -- _tLa España Boba y la Independencia efímera -- _tLa dominación Haitiana -- _tLa independencia -- _tVocabulario / |
||
| 590 | _aInventariado, 2022/ YL | ||
| 910 | _aYLockwardli | ||
| 942 |
_2ddc _cLBS1 |
||
| 999 |
_c27014 _d27014 |
||